| 000 | 00434nam a22001697a 4500 | ||
|---|---|---|---|
| 003 | NUST - PNEC | ||
| 005 | 20170116180904.0 | ||
| 008 | 150902b xxu||||| |||| 00| 0 eng d | ||
| 020 | _a0582056446 | ||
| 040 | _cLIBRARY | ||
| 082 | _a620.11 BEN | ||
| 100 |
_96529 _aBenham, P. P. |
||
| 245 |
_aMechanics of engineering materials _cP. P. Benham |
||
| 260 | _cc1989. | ||
| 650 |
_96530 _aStrength of materials _xME |
||
| 942 |
_2ddc _cBK |
||
| 999 |
_c65038 _d65038 |
||